000 00780cam a2200265 i 4500
001 4112161
003 OSt
005 20230619134336.0
008 750626s1974 enk b 001 0 eng
010 _a 75316943
015 _aGB75-04797
020 _a0177110996 :
_c£3.95.
_a0177120991
040 _aDLC
_cDLC
_dDLC
050 0 0 _aJC328.6
_b.M32
082 0 0 _a303.6
_bMAC
100 1 _aMacfarlane, L. J.
_q(Leslie John),
_d1924-
245 1 0 _aViolence and the state /
_cL. J. Macfarlane.
260 _aLondon :
_bNelson,
_c1974.
300 _aix, 155 p. ;
_c23 cm.
490 0 _aNelson's political science library
504 _aIncludes bibliographical references and index.
650 0 _aViolence.
906 _a7
_bcbc
_corignew
_d3
_encip
_f19
_gy-gencatlg
942 _2ddc
_cBK
999 _c1311
_d1311